Встречи. Часть 1. Осень, Учебное пособие по развитию речи для иностранных учащихся
| Auteur principal: | |
|---|---|
| Autres auteurs: | |
| Résumé: | Книга не входит в премиум-версию платформы «Русский как иностранный». Пособие представляет собой коммуникативный курс по развитию речи, в основу которого заложен принцип модульности. Этот принцип позволяет изучать темы в любом порядке и легко может быть адаптирован под любую программу обучения. Предназначено для работы в открытых группах, а также в любой группе учащихся, освоивших элементарный уровень общего владения РКИ как в условиях языковой среды, так и вне её. Богатый иллюстративный материал и колоритные персонажи, от лица которых проводятся уроки, призваны зарядить учащихся положительной энергией для активной работы на занятиях. Все уроки построены по принципу избыточности материала, чтобы преподаватель мог построить урок по своему усмотрению. Гарантированный срок размещения на платформе до 31.12.2027 (автопролонгация) |
| Publié: |
Москва, «Русский язык». Курсы, 2014
|
| Édition: | Встречи. Часть 1. Осень |
| Sujets: | |
| Accès en ligne: | Перейти к просмотру издания |
| Format: | MixedMaterials Électronique |
MARC
| LEADER | 00000 a2200000 4500 | ||
|---|---|---|---|
| 001 | RU/ROS-EDU.RU/79420 | ||
| 856 | 4 | |u https://www.ros-edu.ru/book?id=79420 |z Перейти к просмотру издания | |
| 010 | |a 978-5-88337-352-6 | ||
| 205 | |a Встречи. Часть 1. Осень |b 2027-12-31 | ||
| 333 | |a Гарантированный срок размещения на платформе до 31.12.2027 (автопролонгация) | ||
| 100 | |a 20140101d2014 |||y0rusy0250 |s 2027-12-31 | ||
| 105 | |a y z 000zy | ||
| 101 | 0 | |a rus | |
| 102 | |a RU | ||
| 200 | 1 | |a Встречи. Часть 1. Осень |b Электронный ресурс |e Учебное пособие по развитию речи для иностранных учащихся |f А. М. Куцерева-Жаме, Китадзё Мицуси | |
| 700 | 1 | |b А. М. |a Куцерева-Жаме |4 070 | |
| 701 | 1 | |b Китадзё |a Мицуси |4 070 | |
| 330 | |a Пособие представляет собой коммуникативный курс по развитию речи, в основу которого заложен принцип модульности. Этот принцип позволяет изучать темы в любом порядке и легко может быть адаптирован под любую программу обучения. Предназначено для работы в открытых группах, а также в любой группе учащихся, освоивших элементарный уровень общего владения РКИ как в условиях языковой среды, так и вне её. Богатый иллюстративный материал и колоритные персонажи, от лица которых проводятся уроки, призваны зарядить учащихся положительной энергией для активной работы на занятиях. Все уроки построены по принципу избыточности материала, чтобы преподаватель мог построить урок по своему усмотрению. | ||
| 210 | |a Москва |c «Русский язык». Курсы |d 2014 | ||
| 610 | 1 | |a компьютер | |
| 610 | 1 | |a осень | |
| 610 | 1 | |a гимнастика | |
| 610 | 1 | |a настроение | |
| 675 | |a 811 | ||
| 686 | |a 81.2 |2 rubbk | ||
| 300 | |a Книга не входит в премиум-версию платформы «Русский как иностранный». | ||
| 215 | |a 72 с. | ||